| 000 | 00490nam a2200097Ia 4500 | ||
|---|---|---|---|
| 008 | 170517s9999 xx 000 0 und d | ||
| 245 | 4 | _aThe Unspooling Mind | |
| 300 | _aThe Unspooling Mind is a documentary about the human toll of dementia, heart-wrenching decisions for families, the desperate search for care for those who can no longer care for themselves, and seeking help in a place with no return... | ||
| 650 | _xTechnology. | ||
| 856 | _uhttp://topdocumentaryfilms.com/unspooling-mind/ | ||
| 999 |
_c335126 _d335126 |
||